Empereurs du Saint-Empire romain germanique à l'époque moderne - Statistiques

Statistiques générales
  • Ce quiz a été pris 19 fois
  • Le résultat moyen est 7 sur 15
Statistiques - réponses
Maison Dates du règne Roi de France % Correct
Habsbourg 1519-1556 Charles V
94%
Habsbourg 1711-1740 Charles VI
67%
Wittelsbach 1742-1745 Charles VII
56%
Habsbourg 1556-1564 Ferdinand Ier
56%
Habsbourg 1619-1637 Ferdinand II
56%
Habsbourg 1637-1657 Ferdinand III
56%
Lorraine 1745-1765 François Ier
44%
Habsbourg 1658-1705 Léopold Ier
44%
Habsbourg 1508-1519 Maximilien Ier
44%
Habsbourg 1452-1493 Frédéric III
33%
Habsbourg 1705-1711 Joseph Ier
33%
Habsbourg 1564-1576 Maximilien II
33%
Habsbourg 1576-1612 Rodolphe II
33%
Habsbourg-Lorraine 1765-1790 Joseph II
28%
Habsbourg 1612-1619 Mattias Ier
11%
Aucun quiz correspondant
Distribution des résultats
% des personnes avec chaque résultat
Percentile par nombre de réponses
Votre historique - résultats
Vous n’avez pas pris ce quiz